LEADER 00995nas 22003613a 450 001 996209360903316 005 20230222213018.0 011 $a1948-5646 035 $a(OCoLC)60616982 035 $a(CKB)110979839327339 035 $a(CONSER)--2009203381 035 $a(MiAaPQ)28130 035 $a(EXLCZ)99110979839327339 100 $a20050614a19759999 --- a 101 0 $aeng 135 $aur||||||||||| 181 $ctxt$2rdacontent 182 $cc$2rdamedia 183 $acr$2rdacarrier 200 10$aQualified remodeler 210 $aFt. Atkinson, WI $cCygnus Business Media 311 $a0098-9207 606 $aDwellings$xRemodeling$vPeriodicals 606 $aDwellings$xRemodeling$2fast$3(OCoLC)fst00900158 608 $aPeriodicals.$2fast 615 0$aDwellings$xRemodeling 615 7$aDwellings$xRemodeling. 676 $a720.28 676 $a690/.2 906 $aJOURNAL 912 $a996209360903316 996 $aQualified remodeler$92316024 997 $aUNISA LEADER 01030nas 2200373- 450 001 9910349493903321 005 20230522213016.0 011 $a2434-0790 035 $a(DE-599)ZDB3060982-3 035 $a(OCoLC)1140675449 035 $a(CKB)5070000000001098 035 $a(CONSER)--2020243024 035 $a(EXLCZ)995070000000001098 100 $a20181113a20199999 o-- - 101 0 $aeng 135 $aur||||||||||| 181 $ctxt$2rdacontent 182 $cc$2rdamedia 183 $acr$2rdacarrier 200 00$aCirculation reports 210 1$aTokyo, Japan :$cThe Japanese Circulation Society,$d[2019]- 215 $a1 online resource 531 10$aCirc Rep 606 $aBlood Circulation 606 $aCardiovascular System 608 $aPeriodical. 608 $aPeriodicals.$2fast 615 12$aBlood Circulation. 615 22$aCardiovascular System. 712 02$aNihon Junkanki Gakkai, 906 $aJOURNAL 912 $a9910349493903321 996 $aCirculation reports$92105940 997 $aUNINA